| 000 | 00444nam a22001817a 4500 | ||
|---|---|---|---|
| 003 | LK-CoMWRAF | ||
| 005 | 20231014174337.0 | ||
| 008 | 231014b |||||||| |||| 00| 0 eng d | ||
| 040 |
_aLK-CoMWRAF _dLK-CoMWRAF _eLK-CoMWRAF |
||
| 041 | _aeng | ||
| 082 |
_a823 _bTHA |
||
| 100 | _aTharoor, Shashi | ||
| 245 | _aThe Great Indian novel | ||
| 260 |
_aNew York : _bArcade publishing |
||
| 300 | _a479p | ||
| 650 | _aEnglish Fiction | ||
| 942 | _cBK | ||
| 999 |
_c3865 _d3865 |
||